000 00424nam a2200181Ia 4500
001 5255
005 20260306145855.0
008 260306t2006||||xx |||||||||||||| ||spa||
041 _aESP
082 _a338.4791
_bP26
100 _aParra López, Eduardo
_eAUT
245 0 _aGestión y dirección de empresas turísticas
260 _c2006
300 _a
_c
650 _aGEN
654 _aCAN
942 _cLIB
_dJUS
_fJUS
_2ddc
_n
999 _c5255
_d5255